[Event "StM 2004"]
[Site "Hartberg"]
[Date "2004.??.??"]
[Round "3.41"]
[White "Petroczi, Thomas"]
[Black "Almer, Gerald"]
[Result "1-0"]
[WhiteElo "2176"]
[BlackElo "2105"]
[PlyCount "80"]
[EventDate "2004.??.??"]

1. e4 e5 2. Nf3 Qe7 3. Nc3 Nf6 4. Bc4 d6 5. h3 c6 6. d3 h6 7. Bd2 Nbd7 8. a4 g6
9. O-O Bg7 10. Qc1 Nc5 11. b4 Ne6 12. Re1 Nh5 13. Ne2 f5 14. Ng3 Nxg3 15. fxg3
fxe4 16. dxe4 g5 17. Ra3 Nc7 18. Nh2 Be6 19. Be2 d5 20. exd5 cxd5 21. Bh5+ Bf7
22. Bxf7+ Qxf7 23. Bc3 O-O 24. Bxe5 Bxe5 25. Rxe5 Qf2+ 26. Kh1 Rae8 27. Ng4 Qb6
28. Rae3 Qg6 29. Qd2 Rf1+ 30. Kh2 Ref8 31. Re7 Rc8 32. Qc3 h5 33. Rxc7 Rxc7 34.
Qxc7 hxg4 35. Qc8+ Rf8 36. Qxg4 Rf5 37. Re7 Rf2 38. Qc8+ Rf8 39. Qxb7 d4 40.
Qd5+ Kh8 1-0

[Event "StM 2004"]
[Site "Hartberg"]
[Date "2004.??.??"]
[Round "4.1"]
[White "Lendwai, Reinhard"]
[Black "Stanec, Nikolaus"]
[Result "1/2-1/2"]
[WhiteElo "2388"]
[BlackElo "2562"]
[PlyCount "76"]
[EventDate "2004.??.??"]

1. e4 c5 2. c3 e6 3. d4 d5 4. exd5 exd5 5. Be3 c4 6. b3 cxb3 7. axb3 Bd6 8. Bd3
Nc6 9. Qf3 Nf6 10. h3 O-O 11. Ne2 Re8 12. Nd2 Be6 13. O-O Ne7 14. Bf4 Ng6 15.
Bxd6 Qxd6 16. Rfe1 a6 17. b4 Re7 18. Bxg6 hxg6 19. Nf4 Rae8 20. Nxe6 Rxe6 21.
Rxe6 Rxe6 22. Nb3 Re7 23. g3 Ne4 24. Nc5 f5 25. h4 Qf6 26. Nxe4 Rxe4 27. Kg2
Qe6 28. Ra5 b5 29. Ra1 Kf7 30. Kf1 Ke7 31. Kg2 Kd7 32. Kf1 Kc7 33. Rd1 Kb6 34.
Ra1 Qc8 35. Kg2 Qh8 36. Rh1 Qh5 37. Qxh5 gxh5 38. Kf3 Kb7 1/2-1/2

[Event "StM 2004"]
[Site "Hartberg"]
[Date "2004.??.??"]
[Round "4.2"]
[White "Mahdy, Khaled"]
[Black "Baumegger, Siegfried"]
[Result "1-0"]
[WhiteElo "2379"]
[BlackElo "2433"]
[PlyCount "85"]
[EventDate "2004.??.??"]

1. e4 e5 2. Nf3 Nc6 3. Bb5 a6 4. Ba4 Nf6 5. d3 d6 6. c3 g6 7. O-O Bg7 8. Re1
O-O 9. Nbd2 Qe7 10. Nf1 Nd8 11. d4 Nh5 12. Ne3 c6 13. Bb3 b5 14. a4 Rb8 15.
axb5 axb5 16. Nc2 exd4 17. Nfxd4 c5 18. Nf5 gxf5 19. Qxh5 c4 20. exf5 Qd7 21.
Ne3 cxb3 22. Nd5 Nc6 23. f6 Qg4 24. fxg7 Qxh5 25. Nf6+ Kxg7 26. Nxh5+ Kg6 27.
Nf4+ Kg7 28. Ra3 Bf5 29. Rxb3 Rfe8 30. Rxe8 Rxe8 31. Be3 Rb8 32. h3 Kf8 33. Ra3
b4 34. Ra6 bxc3 35. bxc3 Rc8 36. Rb6 Bd7 37. Rb7 Ne5 38. Bd4 Bc6 39. Ra7 Ng6
40. Nh5 Nh4 41. Bg7+ Ke8 42. Nf6+ Kd8 43. Nxh7 1-0

[Event "StM 2004"]
[Site "Hartberg"]
[Date "2004.??.??"]
[Round "4.4"]
[White "Schroll, Gerhard"]
[Black "Lehner, Oliver"]
[Result "1/2-1/2"]
[WhiteElo "2367"]
[BlackElo "2425"]
[PlyCount "58"]
[EventDate "2004.??.??"]

1. e4 c5 2. Nf3 Nc6 3. Bb5 Nf6 4. Nc3 g6 5. e5 Ng4 6. Bxc6 dxc6 7. d3 Bg7 8.
Bf4 Nh6 9. Qd2 Nf5 10. Ne4 Nd4 11. Nxd4 Qxd4 12. c3 Qd5 13. c4 Qd4 14. O-O-O
Bxe5 15. Be3 Qd8 16. Nxc5 b6 17. d4 Bg7 18. Ne4 Be6 19. d5 cxd5 20. cxd5 Qc7+
21. Kb1 Rd8 22. dxe6 Rxd2 23. exf7+ Kxf7 24. Ng5+ Kf6 25. Rxd2 h6 26. Bd4+ e5
27. Ne4+ Ke6 28. Be3 Rc8 29. Rd6+ Qxd6 1/2-1/2

[Event "StM 2004"]
[Site "Hartberg"]
[Date "2004.??.??"]
[Round "4.5"]
[White "Pilaj, Herwig"]
[Black "Miniboeck, Günter"]
[Result "1/2-1/2"]
[WhiteElo "2425"]
[BlackElo "2345"]
[PlyCount "83"]
[EventDate "2004.??.??"]

1. e4 c5 2. Nf3 d6 3. Bc4 Nf6 4. d3 Nc6 5. c3 e6 6. Bb3 Be7 7. O-O O-O 8. Qe2
d5 9. e5 Nd7 10. d4 f6 11. exf6 Nxf6 12. Be3 cxd4 13. Bxd4 Bd6 14. Nbd2 Qc7 15.
Rfe1 Ng4 16. h3 Nh6 17. Ne5 Nf7 18. Ndf3 Nfxe5 19. Nxe5 Nxd4 20. cxd4 Qb6 21.
Qd3 Bxe5 22. Rxe5 Bd7 23. Bc2 g6 24. Bb3 Rf4 25. Rd1 Raf8 26. Rd2 R8f6 27. g3
Rf3 28. Re3 Bb5 29. Qc3 Rxe3 30. Qxe3 Bc4 31. Rc2 Bxb3 32. axb3 Qd6 33. Rc5 Rf7
34. Qc3 Re7 35. h4 h5 36. Kg2 Kg7 37. Rc8 a6 38. Qe3 Rf7 39. Re8 Re7 40. Rc8
Rf7 41. Re8 Re7 42. Rc8 1/2-1/2

[Event "StM 2004"]
[Site "Hartberg"]
[Date "2004.??.??"]
[Round "4.7"]
[White "Weiss, Christian"]
[Black "Sadilek, Maximilian"]
[Result "1-0"]
[WhiteElo "2408"]
[BlackElo "2130"]
[PlyCount "73"]
[EventDate "2004.??.??"]

1. g3 Nc6 2. Bg2 d5 3. d4 Bf5 4. Nf3 e6 5. O-O Nf6 6. a3 Be7 7. Nbd2 Ne4 8. e3
h5 9. c4 Qd7 10. Nxe4 Bxe4 11. c5 h4 12. b4 hxg3 13. fxg3 a6 14. Bd2 Bf6 15.
Bc3 Ne7 16. a4 Nf5 17. Qe2 c6 18. Ra2 Ke7 19. Be1 Qc7 20. g4 Nxd4 21. exd4
Bxd4+ 22. Kh1 Bxf3 23. Bxf3 Be5 24. h4 Rh7 25. h5 g6 26. Bh4+ f6 27. g5 f5 28.
Re1 Rxh5 29. Bxh5 Rh8 30. Qxe5 Qxe5 31. Rxe5 Rxh5 32. Rh2 Kd7 33. Kg2 Ke7 34.
Kf3 Kd7 35. Kf4 Ke7 36. Bg3 Rxh2 37. Bxh2 1-0

[Event "StM 2004"]
[Site "Hartberg"]
[Date "2004.??.??"]
[Round "4.8"]
[White "Neubauer, Martin"]
[Black "Schein, Karl-Heinz"]
[Result "1-0"]
[WhiteElo "2429"]
[BlackElo "2253"]
[PlyCount "95"]
[EventDate "2004.??.??"]

1. e4 e6 2. d4 d5 3. Nd2 c5 4. Ngf3 Nc6 5. exd5 exd5 6. Bb5 Bd6 7. dxc5 Bxc5 8.
O-O Nge7 9. Nb3 Bb6 10. Re1 O-O 11. Be3 Bc7 12. c3 Bg4 13. h3 Bh5 14. Be2 Re8
15. Nbd4 a6 16. Nxc6 Nxc6 17. Qd2 Qd7 18. Rad1 Rad8 19. Bf4 Bb6 20. Ne5 Nxe5
21. Bxh5 Qf5 22. Rxe5 Rxe5 23. Bg4 Qf6 24. Bxe5 Qxe5 25. Bf3 d4 26. Bxb7 Qe7
27. Bf3 dxc3 28. Qxc3 Rxd1+ 29. Bxd1 a5 30. Bb3 g6 31. g3 Bc7 32. h4 h5 33. Bc4
Bb6 34. b3 Qa7 35. Qf6 Kf8 36. Bxf7 Qxf7 37. Qxb6 Qf5 38. Qd6+ Kg7 39. Qe7+ Kg8
40. Qd8+ Kg7 41. Qd4+ Kh7 42. Kg2 Qb5 43. Qe4 Qc5 44. Qc4 Qa3 45. Qf7+ Kh6 46.
Qg8 Qb2 47. Qf8+ Kh7 48. Qe7+ 1-0

[Event "StM 2004"]
[Site "Hartberg"]
[Date "2004.??.??"]
[Round "4.9"]
[White "Srienz, Christian"]
[Black "Hoelzl, Franz"]
[Result "1/2-1/2"]
[WhiteElo "2256"]
[BlackElo "2373"]
[PlyCount "96"]
[EventDate "2004.??.??"]

1. e4 c5 2. Nf3 d6 3. c3 Nf6 4. Be2 Qc7 5. O-O Nbd7 6. d3 c4 7. Na3 cxd3 8.
Bxd3 a6 9. Re1 b6 10. Nc4 e5 11. Bg5 h6 12. Bxf6 Nxf6 13. a4 Be6 14. Qe2 Be7
15. a5 Bxc4 16. Bxc4 b5 17. Bb3 g6 18. Qd2 Kf8 19. Bd5 Rb8 20. Rec1 Kg7 21. c4
b4 22. b3 Nd7 23. Rd1 Nc5 24. Qc2 Rhf8 25. Ne1 f5 26. f3 Bg5 27. Nd3 Be3+ 28.
Kh1 h5 29. Nxc5 Bxc5 30. exf5 gxf5 31. Be6 Bd4 32. Ra2 Kg6 33. f4 Rbe8 34. Bd5
Qc5 35. Qd3 exf4 36. g4 hxg4 37. Qxd4 Re1+ 38. Kg2 f3+ 39. Kg3 Rxd1 40. Qxd1
Qe3 41. Bxf3 Rg8 42. Qd5 Rg7 43. Re2 Qxf3+ 44. Qxf3 gxf3 45. Kxf3 Kf6 46. Re8
Rh7 47. Kg3 Rg7+ 48. Kf3 Rh7 1/2-1/2

[Event "StM 2004"]
[Site "Hartberg"]
[Date "2004.??.??"]
[Round "4.10"]
[White "Nickl, Klaus"]
[Black "Karner, Christoph"]
[Result "0-1"]
[WhiteElo "2171"]
[BlackElo "2364"]
[PlyCount "60"]
[EventDate "2004.??.??"]

1. d4 g6 2. Nf3 Bg7 3. e3 Nf6 4. c4 d6 5. Nc3 O-O 6. Be2 Nbd7 7. O-O e5 8. dxe5
dxe5 9. e4 c6 10. Be3 Qe7 11. Nd2 Nc5 12. b4 Ne6 13. c5 Rd8 14. Qc2 Nd4 15. Qb2
Nxe2+ 16. Nxe2 Ng4 17. Qc3 Be6 18. Rfd1 a5 19. a3 Nxe3 20. Qxe3 Qd7 21. Nc3 Qd4
22. Nf1 axb4 23. axb4 Rxa1 24. Rxa1 Qxb4 25. Rb1 Qc4 26. Rxb7 h6 27. Nb1 Rd1
28. Nbd2 Qc2 29. Rb4 Bf8 30. Qg3 Qxd2 0-1

[Event "StM 2004"]
[Site "Hartberg"]
[Date "2004.??.??"]
[Round "4.11"]
[White "Wittmann, Walter"]
[Black "Kwatschewsky, Leo"]
[Result "1/2-1/2"]
[WhiteElo "2337"]
[BlackElo "2255"]
[PlyCount "32"]
[EventDate "2004.??.??"]

1. e4 c5 2. Nf3 Nc6 3. d4 cxd4 4. Nxd4 Nf6 5. Nc3 d6 6. Bc4 Qb6 7. Nxc6 bxc6 8.
O-O e6 9. Qe2 Be7 10. e5 dxe5 11. Qxe5 O-O 12. Na4 Qb4 13. b3 Nd5 14. Qe1 Qxe1
15. Rxe1 Nb6 16. Nxb6 axb6 1/2-1/2

[Event "StM 2004"]
[Site "Hartberg"]
[Date "2004.??.??"]
[Round "4.12"]
[White "Schnider, Gert"]
[Black "Diermair, Andreas"]
[Result "0-1"]
[WhiteElo "2314"]
[BlackElo "2236"]
[PlyCount "162"]
[EventDate "2004.??.??"]

1. e4 b6 2. d4 Bb7 3. Bd3 e6 4. Nf3 Nf6 5. Qe2 c5 6. c3 Be7 7. O-O Nc6 8. Nbd2
cxd4 9. cxd4 Nb4 10. Bb5 a6 11. Ba4 b5 12. Bb3 d5 13. e5 Ne4 14. a3 Nc6 15. Bc2
Nxd2 16. Bxd2 Rc8 17. Rac1 Qb6 18. Qd3 a5 19. Bd1 O-O 20. Bh6 f5 21. exf6 Rxf6
22. Be3 Ba6 23. Be2 Rff8 24. Rc2 Nb8 25. Rd2 b4 26. Qb3 Bc4 27. Qa4 Bxe2 28.
Rxe2 bxa3 29. bxa3 Rc4 30. Qd1 Bxa3 31. Ng5 Be7 32. Nxe6 Qxe6 33. Bg5 Qg4 34.
Bxe7 Re8 35. Re3 Rxd4 36. Qb1 Qd7 37. Rh3 h6 38. Bf6 Rg4 39. f3 Rb4 40. Qd3
Qa7+ 41. Kh1 Qf7 42. Bc3 Rc4 43. Rg3 g5 44. f4 Rf8 45. Be5 Nd7 46. Bd6 Nc5 47.
Qa3 Ne4 48. Rg4 h5 49. Bxf8 hxg4 50. Bh6 Qf6 51. Qxa5 Nf2+ 52. Kg1 Qd4 53. Qd8+
Kh7 54. Qe7+ Kxh6 55. Qxg5+ Kh7 56. Qh4+ Kg6 57. Qxf2 Qxf2+ 58. Rxf2 Kf5 59. g3
Rc1+ 60. Kg2 d4 61. Re2 Rd1 62. h3 gxh3+ 63. Kxh3 Rh1+ 64. Kg2 Rc1 65. Re5+ Kf6
66. Kf3 Rc3+ 67. Kg4 d3 68. Rd5 Ra3 69. Rd6+ Ke7 70. Rd4 Kf6 71. Re4 d2 72. Rd4
Ra2 73. Rd3 Ke6 74. Kg5 Ra5+ 75. Kg4 Rd5 76. f5+ Ke5 77. Rxd2 Rxd2 78. Kg5 Rf2
79. g4 Rf4 80. Kh4 Kf6 81. Kh5 Rf1 0-1

[Event "StM 2004"]
[Site "Hartberg"]
[Date "2004.??.??"]
[Round "4.13"]
[White "Zoebisch, Herbert"]
[Black "Neumeier, Klaus"]
[Result "0-1"]
[WhiteElo "2187"]
[BlackElo "2305"]
[PlyCount "92"]
[EventDate "2004.??.??"]

1. d4 Nf6 2. c4 g6 3. Nc3 Bg7 4. e4 d6 5. f3 O-O 6. Be3 Nc6 7. Nge2 a6 8. Qd2
Rb8 9. Bh6 e5 10. O-O-O b5 11. h4 bxc4 12. Bxg7 Kxg7 13. h5 Nxh5 14. g4 Nb4 15.
Ng1 Nf4 16. Bxc4 Qg5 17. Kb1 exd4 18. Qxd4+ Qe5 19. Qd2 Be6 20. Nge2 Nxe2 21.
Bxe2 g5 22. Rh5 h6 23. Rdh1 Rh8 24. a3 Nc6 25. Bxa6 Rb3 26. a4 f6 27. Bb5 Ne7
28. Kc1 c6 29. Be2 Ng6 30. Bd1 Rb4 31. R5h2 Nf4 32. Bc2 h5 33. gxh5 Rhb8 34.
h6+ Kh7 35. Bb1 Bb3 36. Qe3 Bxa4 37. Rd2 Bb3 38. Bc2 Bf7 39. Bb1 Bg6 40. Rhd1
d5 41. Qc5 d4 42. Qxe5 fxe5 43. Na2 Rc4+ 44. Rc2 Rxc2+ 45. Kxc2 g4 46. fxg4
Bxe4+ 0-1

[Event "StM 2004"]
[Site "Hartberg"]
[Date "2004.??.??"]
[Round "4.14"]
[White "Druckenthaner, Andreas"]
[Black "Wegerer, Fred"]
[Result "1-0"]
[WhiteElo "2290"]
[BlackElo "2230"]
[PlyCount "80"]
[EventDate "2004.??.??"]

1. e4 d6 2. d4 Nf6 3. Nd2 e5 4. c3 Be7 5. Ngf3 Nbd7 6. Bc4 O-O 7. O-O c6 8. Bb3
Qc7 9. Re1 Nb6 10. h3 h6 11. Nf1 Re8 12. Ng3 Bf8 13. Nh4 a5 14. a4 Be6 15. Nhf5
Bxb3 16. Qxb3 exd4 17. cxd4 d5 18. e5 Nh7 19. Nh5 Kh8 20. Qg3 g5 21. f4 Qd7 22.
Qg4 Re6 23. fxg5 Rg6 24. h4 Re8 25. Rf1 c5 26. Nf4 Rg8 27. g6 cxd4 28. Qh5 fxg6
29. Nxg6+ Rxg6 30. Qxg6 Re6 31. Qg3 Nc4 32. Kh1 d3 33. b3 d2 34. bxc4 dxc1=Q
35. Raxc1 dxc4 36. Rxc4 Qf7 37. Rg4 Rb6 38. Kh2 h5 39. Nd6 Qd5 40. Rd4 Qg8 1-0

[Event "StM 2004"]
[Site "Hartberg"]
[Date "2004.??.??"]
[Round "4.15"]
[White "Freitag, Manfred"]
[Black "Scheffknecht, Philipp"]
[Result "1-0"]
[WhiteElo "2397"]
[BlackElo "2171"]
[PlyCount "175"]
[EventDate "2004.??.??"]

1. d4 Nf6 2. c4 e6 3. Nf3 b6 4. g3 Ba6 5. Qa4 c5 6. Bg2 Bb7 7. O-O Be7 8. Nc3
cxd4 9. Nxd4 Bxg2 10. Kxg2 O-O 11. Rd1 Qc8 12. Bg5 Na6 13. Rac1 Nc5 14. Qc2 h6
15. Bxf6 Bxf6 16. b4 Nb7 17. Qb3 d6 18. Rc2 a6 19. Na4 Qc7 20. b5 Bxd4 21. Rxd4
Nc5 22. Nxc5 dxc5 23. Rdd2 axb5 24. Qxb5 Qb7+ 25. f3 Ra5 26. Qb1 Qc7 27. Qd1
Qa7 28. Rb2 Qa6 29. Rdc2 Ra4 30. Qd6 Rxc4 31. Rd2 Ra4 32. Rxb6 Qc4 33. Rb7 Rfa8
34. Qe7 e5 35. Rc2 Qd5 36. Rd7 Qe6 37. Qxe6 fxe6 38. Rxc5 Rxa2 39. Rxe5 Re8 40.
Kf2 Kf8 41. Rd6 Kf7 42. f4 g6 43. h4 h5 44. Rd7+ Re7 45. Rd8 Kf6 46. Rd6 Re8
47. Kf3 Ra3+ 48. e3 Ra1 49. Rg5 Rb8 50. Re5 Re8 51. Rb5 Ra7 52. Rbb6 Rc7 53.
Rd4 Ra7 54. Re4 Rc7 55. Re5 Kf7 56. g4 hxg4+ 57. Kxg4 Kf6 58. Rb4 Rh7 59. Rbe4
Ree7 60. Kg3 Re8 61. Rb5 Ra7 62. Ree5 Rc7 63. Rb6 Rh7 64. Kg4 Rg7 65. Reb5 Ra8
66. e4 Rc7 67. Rb7 Ra7 68. e5+ Kf7 69. Rxa7 Rxa7 70. Kg5 Rc7 71. Rb8 Kg7 72.
Re8 Kf7 73. Rh8 Rc1 74. Rh7+ Kg8 75. Re7 Rg1+ 76. Kf6 Rg4 77. Rxe6 Kh7 78. Kf7
Rxf4+ 79. Rf6 Rxh4 80. Rxg6 Ra4 81. e6 Ra7+ 82. Kf6 Ra1 83. Rg5 Rf1+ 84. Rf5
Re1 85. Kf7 Kh6 86. e7 Rg1 87. e8=Q Rg7+ 88. Ke6 1-0

[Event "StM 2004"]
[Site "Hartberg"]
[Date "2004.??.??"]
[Round "4.16"]
[White "Kastner, Walter"]
[Black "Benda, Herbert"]
[Result "0-1"]
[WhiteElo "2229"]
[BlackElo "2336"]
[PlyCount "54"]
[EventDate "2004.??.??"]

1. d4 d5 2. Nf3 Nf6 3. c4 c6 4. e3 Bf5 5. Nc3 e6 6. Nh4 Bg6 7. Qb3 Qb6 8. Nxg6
hxg6 9. Bd2 Nbd7 10. Be2 Be7 11. h3 Qc7 12. cxd5 exd5 13. Qc2 Nb6 14. O-O-O Bb4
15. Kb1 Qe7 16. Bd3 O-O 17. g4 Rfc8 18. Rdg1 c5 19. a3 Bxc3 20. Bxc3 cxd4 21.
exd4 Ne4 22. Bxe4 dxe4 23. Re1 Nd5 24. Qb3 Qe6 25. Rc1 e3 26. fxe3 Nxc3+ 27.
Rxc3 Qe4+ 0-1

[Event "StM 2004"]
[Site "Hartberg"]
[Date "2004.??.??"]
[Round "4.17"]
[White "Fauland, Peter"]
[Black "Rolletschek, Heinrich"]
[Result "1/2-1/2"]
[WhiteElo "2227"]
[BlackElo "2316"]
[PlyCount "147"]
[EventDate "2004.??.??"]

1. e4 e5 2. f4 Nf6 3. Nc3 d5 4. exd5 Nxd5 5. Qh5 Nxf4 6. Qxe5+ Qe7 7. Qxe7+
Bxe7 8. d4 Ng6 9. Bd3 Nc6 10. Nb5 Bd8 11. Bxg6 hxg6 12. Bf4 Bg4 13. Nf3 Bxf3
14. gxf3 a6 15. Nxc7+ Bxc7 16. Bxc7 Rc8 17. Bd6 Nxd4 18. O-O-O Nxf3 19. Rd3 Ng5
20. Rb3 b5 21. a4 Rh3 22. Re1+ Kd7 23. Bg3 Ne6 24. axb5 axb5 25. Rxb5 Rxc2+ 26.
Kb1 Rd2 27. Rb7+ Ke8 28. Rf1 Nd8 29. Re1+ Kf8 30. Rb6 Ne6 31. Rb8+ Ke7 32. b4
Rh5 33. b5 Rhd5 34. Kc1 R2d4 35. Kc2 Rb4 36. b6 Rdb5 37. Rb7+ Kf6 38. Rf1+ Kg5
39. Rbxf7 Rxb6 40. Be5 Re4 41. Bc3 Rd6 42. R1f2 Kh6 43. Rg2 g5 44. Ra7 Rc4 45.
Kb3 Rdc6 46. Rg3 Rc7 47. Rxc7 Rxc7 48. Kc2 Nf4 49. Kd1 Re7 50. Bd2 Kh5 51. Rf3
Re4 52. Bc3 g4 53. Rg3 Ne2 54. Rd3 Nxc3+ 55. Rxc3 Kh4 56. Ra3 g5 57. Kd2 Rb4
58. Ke1 Rb2 59. Kf1 Rxh2 60. Kg1 Rb2 61. Rc3 g3 62. Rc8 Kg4 63. Rd8 Re2 64. Rc8
Re4 65. Kg2 Re2+ 66. Kg1 g2 67. Rc3 Kf4 68. Ra3 g4 69. Rb3 Kg5 70. Ra3 Kh4 71.
Rb3 Ra2 72. Rc3 g3 73. Rc4+ Kh3 74. Rh4+ 1/2-1/2

[Event "StM 2004"]
[Site "Hartberg"]
[Date "2004.??.??"]
[Round "4.18"]
[White "Genser, Harald"]
[Black "Gerhold, Michael"]
[Result "1-0"]
[WhiteElo "2285"]
[BlackElo "2203"]
[PlyCount "53"]
[EventDate "2004.??.??"]

1. d4 d5 2. c4 c6 3. Nf3 Nf6 4. e3 e6 5. Bd3 dxc4 6. Bxc4 c5 7. O-O a6 8. Bb3
Nc6 9. Qe2 cxd4 10. Rd1 Be7 11. exd4 O-O 12. a3 b5 13. Nc3 Na5 14. Ba2 Bb7 15.
Bg5 Re8 16. Ne5 Nd5 17. Bd2 Nxc3 18. Bxc3 Bf8 19. Re1 Bd6 20. Nxf7 Kxf7 21.
Bxe6+ Kf8 22. Qh5 Rxe6 23. Rxe6 Nc4 24. Rae1 b4 25. axb4 Qd7 26. Qxh7 Rd8 27.
d5 1-0

[Event "StM 2004"]
[Site "Hartberg"]
[Date "2004.??.??"]
[Round "4.19"]
[White "Krebs, Johann"]
[Black "Beck, Hartmuth"]
[Result "0-1"]
[WhiteElo "2223"]
[BlackElo "2279"]
[PlyCount "70"]
[EventDate "2004.??.??"]

1. Nf3 g6 2. c4 Bg7 3. g3 d6 4. Bg2 f5 5. d4 Nf6 6. Nc3 O-O 7. O-O Qe8 8. d5 a5
9. Ne1 Na6 10. Nd3 c6 11. Qb3 cxd5 12. cxd5 Rb8 13. Qb6 Qd8 14. Be3 Nd7 15.
Qxd8 Rxd8 16. Nb5 Ndc5 17. Nxc5 Nxc5 18. Bd4 Bd7 19. Bxg7 Kxg7 20. Nd4 Rdc8 21.
b3 b5 22. Rfc1 Kf6 23. Rc2 b4 24. f4 h6 25. a3 a4 26. axb4 Rxb4 27. Rc4 Nxb3
28. Rxb4 Nxa1 29. Rb2 Rc4 30. e3 Nb3 31. Nc6 Nc5 32. Ra2 Rc3 33. Kf2 Nd3+ 34.
Kf1 a3 35. Ra1 Rc1+ 0-1

[Event "StM 2004"]
[Site "Hartberg"]
[Date "2004.??.??"]
[Round "4.20"]
[White "Holzer, Gerhard"]
[Black "Schmidlechner, Alexander"]
[Result "0-1"]
[WhiteElo "2270"]
[BlackElo "2212"]
[PlyCount "102"]
[EventDate "2004.??.??"]

1. b3 d5 2. Bb2 Nd7 3. e3 e5 4. c4 c6 5. cxd5 cxd5 6. Bb5 Qc7 7. Qf3 Ngf6 8.
Nc3 Qd6 9. d4 e4 10. Qg3 Be7 11. Qxd6 Bxd6 12. Be2 Nb8 13. Nb5 Bb4+ 14. Bc3
Bxc3+ 15. Nxc3 Be6 16. Kd2 Ke7 17. h4 Nc6 18. Nh3 h6 19. Nf4 g5 20. Nxe6 fxe6
21. f3 exf3 22. gxf3 Rhg8 23. Rag1 gxh4 24. Rxg8 Rxg8 25. Rxh4 h5 26. e4 dxe4
27. Nxe4 Rg2 28. Nc5 e5 29. dxe5 Nxe5 30. Ke1 b6 31. Ne4 Ng6 32. Rh1 Nf4 33.
Nc3 Kd6 34. Kf1 Ke5 35. Rh4 Rg8 36. Ne4 N6d5 37. Bc4 Ne3+ 38. Kf2 Nxc4 39. bxc4
Rg2+ 40. Kf1 Rxa2 41. Ng3 Rc2 42. Nxh5 Rxc4 43. Ng3 Rc1+ 44. Kf2 Rc2+ 45. Kf1
a5 46. Rh6 Rb2 47. Rh8 a4 48. Re8+ Ne6 49. Ne2 a3 50. f4+ Kf5 51. Ra8 a2 0-1

[Event "StM 2004"]
[Site "Hartberg"]
[Date "2004.??.??"]
[Round "4.21"]
[White "Wiedner, Robert"]
[Black "Kuthan, Andreas"]
[Result "1-0"]
[WhiteElo "2214"]
[BlackElo "2269"]
[PlyCount "83"]
[EventDate "2004.??.??"]

1. c4 g6 2. Nc3 Bg7 3. g3 c6 4. Bg2 Nf6 5. e4 d6 6. Nge2 O-O 7. O-O Nbd7 8. d4
e5 9. d5 cxd5 10. Nxd5 Nxd5 11. Qxd5 Nc5 12. b3 Be6 13. Qd2 a6 14. Nc3 Qa5 15.
Rb1 Qc7 16. Bb2 Rfd8 17. Rfd1 Qb8 18. Nd5 Bxd5 19. Qxd5 Ne6 20. Rf1 Qa7 21. Bh3
Nd4 22. Kg2 Rab8 23. Bc3 b5 24. Ba5 Re8 25. Qxd6 Bf8 26. Qd7 Qc5 27. Qd5 Qa3
28. Bc7 Ra8 29. Bd7 Red8 30. Bxe5 Ra7 31. Qxd4 Raxd7 32. Qb6 Qe7 33. Qf6 Qxf6
34. Bxf6 Re8 35. Rfd1 Rxd1 36. Rxd1 Rxe4 37. Rd8 bxc4 38. bxc4 Re6 39. Bb2 Rd6
40. Rc8 Rd3 41. Bf6 Rd7 42. c5 1-0

[Event "StM 2004"]
[Site "Hartberg"]
[Date "2004.??.??"]
[Round "4.23"]
[White "Hatzl, Stefan"]
[Black "Roth, Peter"]
[Result "1/2-1/2"]
[WhiteElo "2213"]
[BlackElo "2244"]
[PlyCount "88"]
[EventDate "2004.??.??"]

1. e4 e6 2. d4 d5 3. Nd2 dxe4 4. Nxe4 Nd7 5. Nf3 Ngf6 6. Nxf6+ Nxf6 7. Ne5 a6
8. Bd3 c5 9. dxc5 Qd5 10. Nf3 Bxc5 11. O-O O-O 12. Bg5 Be7 13. c4 Qa5 14. Qe2
h6 15. Bd2 Qc7 16. Bc3 Bd7 17. Ne5 Rad8 18. Ng4 Bc6 19. Rad1 Qf4 20. Nxf6+ Bxf6
21. Bxf6 Qxf6 22. b4 Rd4 23. b5 axb5 24. cxb5 Bd5 25. Bb1 Rb4 26. Rc1 g6 27.
Bd3 Ra8 28. Bc4 Bxc4 29. Rxc4 Rxb5 30. Rc8+ Rxc8 31. Qxb5 Rc7 32. h3 Kg7 33. a4
Qd4 34. a5 h5 35. a6 bxa6 36. Qxa6 e5 37. Qe2 Ra7 38. Rd1 Ra1 39. Rxa1 Qxa1+
40. Kh2 h4 41. Qb5 Qd4 42. Kg1 f5 43. Qb7+ Kh6 44. Qe7 Qa1+ 1/2-1/2

[Event "StM 2004"]
[Site "Hartberg"]
[Date "2004.??.??"]
[Round "4.24"]
[White "Mayerhofer, Peter"]
[Black "Bezler, Rainer"]
[Result "0-1"]
[WhiteElo "2165"]
[BlackElo "2242"]
[PlyCount "42"]
[EventDate "2004.??.??"]

1. e4 e5 2. d4 exd4 3. Nf3 Nc6 4. Bc4 Nf6 5. O-O d6 6. Nxd4 Bd7 7. Nc3 Be7 8.
Be3 O-O 9. h3 a6 10. a4 Nb4 11. f4 c5 12. Nf3 b5 13. axb5 axb5 14. Rxa8 Qxa8
15. e5 bxc4 16. exf6 Bxf6 17. Qxd6 Bc6 18. Bxc5 Rd8 19. Bxb4 Rxd6 20. Bxd6 Qb7
21. Bc5 h6 0-1

[Event "StM 2004"]
[Site "Hartberg"]
[Date "2004.??.??"]
[Round "4.26"]
[White "Schwarhofer, Christopher"]
[Black "Sandhoefner, Florian"]
[Result "1-0"]
[WhiteElo "2029"]
[BlackElo "2240"]
[PlyCount "127"]
[EventDate "2004.??.??"]

1. e4 c5 2. Nf3 d6 3. d4 cxd4 4. Nxd4 Nf6 5. Nc3 g6 6. Be3 Bg7 7. f3 O-O 8. Qd2
Nc6 9. g4 Be6 10. Nxe6 fxe6 11. h4 Ne5 12. Be2 Qc8 13. O-O-O Nfd7 14. h5 Nxf3
15. Bxf3 Rxf3 16. hxg6 hxg6 17. Qe2 Qf8 18. Rdf1 Ne5 19. Nb5 Rxf1+ 20. Rxf1 Qc8
21. Bd4 a6 22. Bxe5 Bxe5 23. Qf3 Bf6 24. g5 Bxg5+ 25. Kb1 Qf8 26. Qh3 axb5 27.
Qxe6+ Kg7 28. Rxf8 Rxf8 29. a3 Bf6 30. Qd5 g5 31. Qxb7 Rg8 32. Qxb5 g4 33. Qe2
g3 34. a4 Kf7 35. Qg2 Be5 36. a5 Ke8 37. b4 Kd7 38. b5 Rh8 39. a6 Rg8 40. Ka2
Bd4 41. e5 Ke6 42. c4 Rg4 43. exd6 exd6 44. Qd5+ Ke7 45. a7 Bxa7 46. Qb7+ Kf6
47. Qxa7 g2 48. Qg1 Ke7 49. b6 Kd7 50. b7 Rg8 51. b8=Q Rxb8 52. Qxg2 Rc8 53.
Qg4+ Kc7 54. Kb3 Re8 55. Qd4 Re5 56. Qa7+ Kc8 57. Kc3 Kd8 58. Qb7 Rc5 59. Kd4
Re5 60. Qc6 Ke7 61. Qc7+ Ke6 62. Qd8 Rc5 63. Qe8+ Kf6 64. Qd7 1-0

[Event "StM 2004"]
[Site "Hartberg"]
[Date "2004.??.??"]
[Round "4.27"]
[White "Mueller, Roland"]
[Black "Brod, Manfred"]
[Result "1/2-1/2"]
[WhiteElo "2097"]
[BlackElo "2233"]
[PlyCount "128"]
[EventDate "2004.??.??"]

1. e4 c5 2. Nf3 e6 3. d4 cxd4 4. Nxd4 Nf6 5. Nc3 d6 6. Be3 Be7 7. f3 a6 8. Qd2
Nc6 9. g4 O-O 10. O-O-O Nxd4 11. Qxd4 Nd7 12. Kb1 Ne5 13. Be2 b5 14. Qb6 Bd7
15. Qxd8 Rfxd8 16. f4 Nc4 17. Bxc4 bxc4 18. Rd2 Rab8 19. Rhd1 Rb7 20. Ka1 Rdb8
21. Bc5 e5 22. Bxd6 Bxg4 23. Bxb8 Bxd1 24. Bxe5 Bf3 25. Rd4 f6 26. Bd6 Rd7 27.
Bc5 Rxd4 28. Bxd4 Bb4 29. e5 fxe5 30. fxe5 g5 31. Nb1 Kf7 32. c3 Be7 33. Nd2
Be2 34. b4 cxb3 35. axb3 g4 36. Ne4 Ke6 37. Kb2 Bf3 38. Nf6 h6 39. Kc2 Bd8 40.
Kd3 Bc7 41. Ng8 h5 42. Nf6 h4 43. Ne4 Kf5 44. Nd2 Bg2 45. Ke3 Bxe5 46. Bxe5
Kxe5 47. Nc4+ Kf5 48. Kf2 Bc6 49. Ne3+ Kf4 50. c4 g3+ 51. hxg3+ hxg3+ 52. Ke2
g2 53. Nxg2+ Bxg2 54. b4 Ke5 55. b5 a5 56. Kd2 Kd4 57. Kc2 Kxc4 58. b6 Kb5 59.
Kb2 Kxb6 60. Ka1 Kc5 61. Kb2 Kb4 62. Ka1 Ka3 63. Kb1 Bd5 64. Ka1 Ba2 1/2-1/2

[Event "StM 2004"]
[Site "Hartberg"]
[Date "2004.??.??"]
[Round "4.28"]
[White "Wagner, Stephan"]
[Black "Fahrner, Kurt"]
[Result "0-1"]
[WhiteElo "2174"]
[BlackElo "2342"]
[PlyCount "74"]
[EventDate "2004.??.??"]

1. c4 c5 2. Nc3 Nc6 3. g3 g6 4. Bg2 Bg7 5. e4 Nf6 6. Rb1 O-O 7. Nge2 Ne8 8. a3
Nc7 9. O-O Rb8 10. b4 b5 11. cxb5 Nxb5 12. Qa4 Nbd4 13. Nxd4 cxd4 14. Ne2 Qb6
15. d3 a5 16. b5 Ba6 17. Bf4 Bxb5 18. Bxb8 Rxb8 19. Qc2 Qa6 20. Rfd1 a4 21. Nf4
e6 22. h4 Bf8 23. Ra1 Na5 24. e5 Rc8 25. Qb2 Nb3 26. Rab1 Rc3 27. Be4 Qc8 28.
Qe2 Qc7 29. Qe1 Qxe5 30. Ne2 d5 31. Nxc3 dxc3 32. d4 Qxe4 33. Qxc3 Bc4 34. Qb2
h5 35. Re1 Qxd4 36. Qxd4 Nxd4 37. Re3 Nb3 0-1